000 01084cam a2200217 4500
001 WB3817-16
008 020508n2002 000 0 eng u
035 _a(Sirsi) u117889
245 _aStudy advises green belt protection
260 _c2002
490 _aPlanning (for the Natural and Built Environment)
_v(1467) 3 May 2002, 2(1)
520 _aResearch from Oxford Brookes University advocates the introduction of safeguards to prevent major development sites (MDSs) in the green belt from being used for housing. It is the first major critique of MDS policy first introduced in 1995 by PPG2, following a survey of 140 local authorities. "Major developed sites: a policy review" is available, priced £10 + £2.50p&p, from Cassandra Blake; t +44 (0)1865 483491.
590 _aWB
650 _aGREEN BELT POLICY
650 _aGREEN BELT DEVELOPMENT
650 _aMAJOR DEVELOPMENT SITES
650 _aPLANNING POLICY GUIDANCE NOTE 2 (GREEN BELTS)
650 _aHOUSING DEVELOPMENTS
690 _aENVIRONMENTAL AND LAND CONSULTANCY-PLANNING AND DEVELOPMENT
942 _n0
999 _c70212
_d70212